| 000 | 00978nam a2200265 i 4500 | ||
|---|---|---|---|
| 001 | bg | ||
| 100 | 1 | _aBanaszuk, Piotr. | |
| 245 | 1 | 0 |
_aWodna migracja rolniczych zanieczyszczeń obszarowych do wód powierzchniowych w zlewni górnej Narwi / _cPiotr Banaszuk. |
| 260 |
_aBiałystok : _bWydawnictwo Politechniki Białostockiej, _c2007. |
||
| 300 |
_a182 s., [3] k. tabl. kolor. : _bil. ; _c24 cm. |
||
| 490 | 1 |
_aRozprawy Naukowe / Politechnika Białostocka, _x0867-096X ; _vnr 144 |
|
| 504 | _aBibliogr. s. 165-182. | ||
| 546 | _aStreszcz. ang. | ||
| 650 | 9 |
_aRolnictwo _xwpływ na środowisko _zPolska |
|
| 650 | 9 |
_aRzeki _xśrodowisko _xdegradacja _zPolska |
|
| 651 | 9 |
_aNarew (dorzecze) _xśrodowisko _xdegradacja |
|
| 830 | 0 |
_aRozprawy Naukowe - Politechnika Białostocka _vnr 144 |
|
| 015 | _aPB 1874/2008 | ||
| 040 | _cBPK | ||
| 041 | 0 |
_apol _beng |
|
| 044 | _aPOL | ||
| 080 | _a502.51:504.5:631.92](438) | ||
| 942 | _cKS | ||
| 008 | 071205s2007 pl a |000 0 pol | ||
| 999 |
_c55361 _d55361 |
||
| 856 |
_uhttp://koha.tu.koszalin.pl/cgi-bin/koha/opac-detail.pl?biblionumber=55361 _yKatalog online BPK |
||